000 01171cab a2200217 4500
001 ##L134242
008 060719n2006 000 0 eng u
035 _a(Sirsi) u134242
041 0 _aeng
110 2 _aConstructing Excellence in the Built Environment
_94925
245 0 0 _aKey performance indicators 2006
260 _c2006
490 0 _aConstructing Excellence in the Built Environment News
_v11 July 2006
520 _aConstructing Excellence has published new Economic Key Performance Indicators and Housing Key Performance Indicators Toolkit packs. The packs contain wallcharts, handbooks, best practice guides, case studies, KPI methods of measurement, industry progress reports, and an "Introduction to KPI" CD.
650 2 4 _aCONSTRUCTING EXCELLENCE CONSTRUCTION INDUSTRY KEY PERFORMANCE INDICATORS (ECONOMIC)
650 2 4 _aCONSTRUCTING EXCELLENCE CONSTRUCTION INDUSTRY KEY PERFORMANCE INDICATORS (HOUSING)
651 4 _aUnited Kingdom
_y
690 _aMANAGEMENT-BUSINESS MANAGEMENT
856 4 1 _uhttps://www.constructingexcellence.org.uk/news/article.jsp?id=7847
_zView the item free of charge at www.constructingexcellence.org.uk/n...
942 _n0
999 _c77419
_d77419